|
|
|
|
| LEADER |
02461nam a2200613 a 4500 |
| 001 |
nkc20091929910 |
| 003 |
CZ PrNK |
| 005 |
20091110085010.0 |
| 007 |
ta |
| 008 |
090626s2009 xr ach e 000 0bcze |
| 015 |
|
|
|a cnb001929910
|
| 020 |
|
|
|a 978-80-904364-0-4
|q (váz.) :
|c Kč 160,00
|
| 035 |
|
|
|a (OCoLC)433002419
|
| 040 |
|
|
|a ABA001
|b cze
|
| 043 |
|
|
|a e-cs---
|
| 045 |
|
|
|a w9x4
|
| 072 |
|
7 |
|a 355/359
|x Vojenství. Obrana země. Ozbrojené síly
|2 Konspekt
|9 15
|
| 072 |
|
7 |
|a 929
|x Biografie
|2 Konspekt
|9 8
|
| 080 |
|
|
|a 355.083
|2 MRF
|
| 080 |
|
|
|a 341.71
|2 MRF
|
| 080 |
|
|
|a 929
|2 MRF
|
| 080 |
|
|
|a 323.25/.26-027.63
|2 MRF
|
| 080 |
|
|
|a 343.1:32
|2 MRF
|
| 080 |
|
|
|a (437)
|2 MRF
|
| 080 |
|
|
|a (092)
|2 MRF
|
| 080 |
|
|
|a (0:82-96)
|2 MRF
|
| 100 |
1 |
|
|a Krist, Miloslav,
|d 1963-
|7 pna2005274571
|4 aut
|
| 245 |
1 |
0 |
|a Soumrak svědomí :
|b příběh generála Píky, popraveného roku 1949 v plzeňské věznici /
|c Miloslav Krist
|
| 250 |
|
|
|a 1. vyd.
|
| 260 |
|
|
|a Plzeň :
|b M. Krist,
|c 2009
|
| 300 |
|
|
|a 83 s. :
|b il., portréty, faksim. ;
|c 21 cm
|
| 500 |
|
|
|a "Vydáno u příležitosti stejnojmenné výstavy pořádané Kanceláří primátora města Plzně v prostorách plzeňské radnice v červnu roku 2009"--S. 4
|
| 504 |
|
|
|a Obsahuje bibliografii
|
| 600 |
1 |
7 |
|a Píka, Heliodor,
|d 1897-1949
|7 jn20000728504
|2 czenas
|
| 648 |
|
7 |
|a 1939-1945
|7 ch460653
|2 czenas
|
| 648 |
|
7 |
|a 1948-1956
|7 ch460660
|2 czenas
|
| 650 |
0 |
7 |
|a generálové
|7 ph120479
|z Československo
|2 czenas
|
| 650 |
0 |
7 |
|a diplomaté
|7 ph119471
|z Československo
|2 czenas
|
| 650 |
0 |
7 |
|a zahraniční odboj
|7 ph116243
|z Československo
|y 1939-1945
|2 czenas
|
| 650 |
0 |
7 |
|a politické soudní procesy
|7 ph124252
|z Československo
|y 1948-1956
|2 czenas
|
| 650 |
0 |
9 |
|a generals
|z Czechoslovakia
|2 eczenas
|
| 650 |
0 |
9 |
|a diplomats
|z Czechoslovakia
|2 eczenas
|
| 650 |
0 |
9 |
|a resistance movement abroad
|z Czechoslovakia
|y 1939-1945
|2 eczenas
|
| 650 |
0 |
9 |
|a political trials
|z Czechoslovakia
|y 1948-1956
|2 eczenas
|
| 655 |
|
7 |
|a biografie
|7 fd131909
|2 czenas
|
| 655 |
|
7 |
|a literatura faktu
|7 fd132773
|2 czenas
|
| 655 |
|
9 |
|a biography
|2 eczenas
|
| 655 |
|
9 |
|a non-fiction
|2 eczenas
|
| 856 |
4 |
1 |
|u http://www.digitalniknihovna.cz/mzk/uuid/uuid:d9ed83d0-df56-11e3-b110-005056827e51
|y Digitalizovaný dokument
|x NDK
|
| 910 |
2 |
|
|a BOA001
|b 2-1225.740
|
| 990 |
|
|
|a BK
|
| 995 |
|
|
|a 01
|
| 991 |
|
|
|b 200907
|c NOV
|
| 996 |
6 |
|
|b 2610383084
|c 2-1225.740
|l MZK
|r Sklad / do 1 hodiny
|n 4
|p p.v.
|w 000947210
|u 000010
|a 1
|e BOA001
|j MZK50
|s P
|